Great Literature #5 - Statistics

General Stats
  • This quiz has been taken 512 times
  • The average score is 12 of 20
Answer Stats
Hint Answer % Correct
Margaret Atwood The Handmaid’s Tale
91%
Ernest Hemingway A Farewell to Arms
90%
John Milton Paradise Lost
83%
Kurt Vonnegut Slaughterhouse-Five
81%
Nathaniel Hawthorne The Scarlet Letter
79%
Daphne du Maurier Rebecca
75%
E. B. White Charlotte’s Web
74%
Johann Wolfgang von Goethe Faust
72%
William Makepeace Thackeray Vanity Fair
72%
T. S. Eliot The Waste Land
61%
Emily Dickinson Because I Could not Stop for Death
59%
Giovanni Boccaccio Decameron
53%
Franz Kafka The Castle
53%
Richard Wright Native Son
38%
Gustave Flaubert A Sentimental Education
36%
François Rabelais Gargantua and Pantagruel
36%
Charles Baudelaire The Flowers of Evil
34%
Stendhal The Charterhouse of Parma
29%
Louis-Ferdinand Céline Journey to the End of the Night
26%
Malcolm Lowry Under the Volcano
26%
No matching quizzes found
Score Distribution
Percent of People with Each Score
Percentile by Number Answered
Your Score History
You have not taken this quiz